01091nab a22002417a 4500003000400000005001700004008004100021040000700062100002300069245016400092260007200256300001500328500003900343505011000382505008900492650002000581650001200601650003200613650002700645650001700672650002300689773013700712OSt20260118215505.0190605e xxu||||| |||| 00| 0 spa d cPJ aGabet, Emiliano A.13aEl despido discriminatorio por maternidad. Prevalencia de la tutela especial frente al régimen general y sus límites constitucionales /cEmiliano A. Gabet. aCiudad Autónoma de Buenos Aires :bThomson Reuters La Ley,c2025. ap. 147-150 aCita: TR LALEY AR/DOC/2665/2025.  aFallo comentado: NTrab., sala X ~ 29/08/2025 ~ Elías, Vanesa Cristina c. AC24 S.A. y otro s/ despido. t¿Te interesa el texto completo? Solicitalo al correo: koha@justierradelfuego.gov.ar 0aDERECHO LABORAL 0aDESPIDO 0aPROTECCION DE LA MATERNIDAD 0aDISCRIMINACION LABORAL 0aIUS VARIANDI 0aCARGA DE LA PRUEBA0 02711dCiudad Autónoma de Buenos Aires : Thomson Reuters La Ley, 1999-2002.tRevista de derecho del trabajo. Nº 6 - Noviembre 2025